Plus grandes villes du monde par lettre - D - Statistiques

Statistiques générales
  • Ce quiz a été pris 436 fois
  • Le résultat moyen est 10 sur 20
Statistiques - réponses
Pays Population Ville % Correct
Bangladesh 18.616 Mio Dacca
93%
Sénégal 3.938 Mio Dakar
91%
Inde 26.454 Mio Delhi
88%
Qatar 2.365 Mio Doha
86%
Syrie 3.688 Mio Damas
85%
Émirats arabes unis 5.430 Mio Dubaï
80%
États-Unis 3.618 Mio Denver
74%
États-Unis 8.058 Mio Dallas - Fort Worth
70%
États-Unis 5.697 Mio Détroit - Windsor
64%
Tanzanie 5.573 Mio Dar es Salam
55%
Afrique du Sud 3.662 Mio Durban
46%
Arabie saoudite 4.082 Mio Djeddah
44%
Cameroun 2.768 Mio Douala
41%
Corée du Sud 3.384 Mio Daegu
23%
Chine 4.088 Mio Dalian
18%
Philippines 2.516 Mio Davao
13%
Indonésie 2.223 Mio Denpasar
12%
Arabie saoudite 2.408 Mio Dammam
8%
Chine 8.397 Mio Dongguan
7%
Corée du Sud 2.038 Mio Daejeon
6%
Aucun quiz correspondant
Distribution des résultats
% des personnes avec chaque résultat
Percentile par nombre de réponses
Votre historique - résultats
Vous n’avez pas pris ce quiz